| 000 | 01716nam a2200265Ia 4500 | ||
|---|---|---|---|
| 003 | Ost | ||
| 005 | 20260507075525.0 | ||
| 008 | 260507s9999||||xx |||||||||||||| ||und|| | ||
| 020 | _a9789931484462 | ||
| 040 | _cfsecg | ||
| 041 | _aara | ||
| 082 | _a658.4012 | ||
| 100 |
_aكافي، مصطفى يوسف _eمؤلف |
||
| 245 | 0 |
_aالإدارة الإستراتيجية / _c مصطفى يوسف كافي |
|
| 260 |
_aقسنطينة: _bألفا للوثائق, _c2017 |
||
| 300 |
_a304 صفحة؛ _bإيضاحات ؛ _c24 سم |
||
| 504 | _aببليوغرافيا:ص.291 | ||
| 520 | _aمفهوم الإدارة الإستراتيجية -التفكير الاستراتيجي -ماهية المدير الاستراتيجي -تفعيل المدير الاستراتيجي الأداء -التوجه الاستراتيجي -الإستراتيجيات الوظيفية -التحليل الاستراتيجي وعوامله -التخطيط الاستراتيجي والبيئة -الرقابة الإستراتيجية -التوجيه الريادي -كفاءة الأداء في المنظمات الإستراتيجية -بطاقة الأداء المتوازن نظام متكامل لصيياغة وتنفيذ وتقييم الإستراتيجية -الإدارة الإستراتيجية للجودة الشاملة والأداء المتميز -الهندرة مطلب استراتيجي لزيادة القدرة التنافسية للمنظام. | ||
| 653 | _aالإدارة | ||
| 653 | _aالإستراتيجية | ||
| 653 | _aالتوجيه | ||
| 700 |
_aالخلف، محمد طاهر _eمؤلف ثانوي |
||
| 700 |
_aكافي، هبة مصطفى _eمؤلف ثانوي |
||
| 942 | _cكتاب | ||
| 999 |
_c44792 _d44792 |
||